Регионална библиотека "Любен Каравелов" - Русе

Хемингуей (Запис номер 126217)

MARC детайли
000 -Лидер
Контролно поле с фиксирана дължина 01924nam a2200433 c 4500
003 - Код на организацията, давaща контролен номер
Контролно поле BLK
005 - Дата и час на последна редакция
Контролно поле 20250210174303.0
008 - Елементи от данни с фиксирана дължина
fixed length control field 180409b bul|||||r ||||||| ||bul||
010 ## - Наследен системен номер
LC control number KNG00131898000
020 ## - Международен стандартен номер на книга ISBN
Международен стандартен номер на книга ISBN 978-954-320-276-8
040 ## - Източник на каталожния запис
Идентификатор на билиотеката - собственик на записа BLK
041 ## - Код за език
Код за езика на текст/звукозапис или на отделно заглавие Български
Код за езика КДБФ Български
072 #7 - Код за тематичната категория
Код организация bullib
Код за тематична категория Н82
Текст Литературознание Н
080 ## - УДК
Текстов определител УДК Американска литература (на САЩ)
УДК код - определител по УДК 821.111(73)
УДК определител (092)
УДК - код + определител 821.111(73)(092)
080 ## - УДК
Текстов определител УДК Американски писател и журналист
УДК код - определител по УДК 929 Хемингуей, Ърнест
УДК - код + определител 929 Хемингуей, Ърнест
100 1# - Редна дума - Автор
Автор Майерс, Джефри
Авторска отговорност първи автор
R(LIN) 319934
139 ## - Редно поле
Редна дума Майерс, Джефри
Авторски знак Хем - Х 41
245 10 - Сведения за заглавието
Заглавие Хемингуей
Подзаглавни данни Биогр.
Редно поле (дума) Джефри Майерс ; прев. от англ. Евгения Бранкова, Емил Моле.
257 ## - Страна на издаване
Страна на създаване/издаване Съединени американски щати
260 ## - Област на издателските данни
Име на издателя, разпространителя и проч. Рива
Година на издаване 2010
Печатница В. Търново : Абагар
300 ## - Физическа характеристика
Страници 704 с., 8 л.
Илюстрации и др. ил.
Размери/Мащаб 21 см
380 ## - Жанр
Жанр Литературознание
500 ## - Общи забележки
Забележка Ориг. загл. Hamingway / Jeffrey Meyers. - Съдържа: Хронология на злополуки и заболявания ; Хронология на пътувания в чужбина.
600 14 - Име на лице, използвано като предмет
За него / За нея Хемингуей, Ърнест
9 (RLIN) 367561
650 #4 - Допълнително описание по предмет – тема
Основно описание – тема или топоним Писатели, американски - биографии
9 (RLIN) 271024
653 ## - Ключова дума – ненормативна
Ключова дума американски писатели
653 ## - Ключова дума – ненормативна
Ключова дума биографии
653 ## - Ключова дума – ненормативна
Ключова дума Ърнест Хемингуей
659 ## - Тематичен бюлетин
Тематичен бюлетин Н
700 1# - Други автори (авторска отговорност)
Лично име Бранкова, Евгения
Автороска отговорност (Описва отношението между автора и произведението) прев. от англ.
9 (RLIN) 319935
700 1# - Други автори (авторска отговорност)
Лично име Моле, Емил
Автороска отговорност (Описва отношението между автора и произведението) прев. от англ.
9 (RLIN) 98666
852 ## - Местоположение
Форматна сигнатура Цб 255656
856 4# - Електронен адрес и достъп
Електронен формат pdf - файл
856 4# - Електронен адрес и достъп
Електронен формат pdf - файл
999 ## - СИСТЕМНИ КОНТРОЛНИ НОМЕРА
Koha biblionumber 126217
Koha biblioitemnumber 126217
942 ## - АРТИКУЛИ
Вид на библиотечния материал Книги
Скрит в OPAC Не
Koha issues (borrowed), all copies 15
944 ## - СЪЗДАВАНЕ И РЕДАКЦИЯ на ЗАПИСА
Създаване/Редакция Създаване
Дата на регистрацията/редакция 03.07.2012
Служител, извършил регистрацията/редакцията 30531
Статус, дата на статуса Цветелина Шанова
944 ## - СЪЗДАВАНЕ И РЕДАКЦИЯ на ЗАПИСА
Създаване/Редакция Редакция
Дата на регистрацията/редакция 2018-08-08
999 ## - СИСТЕМНИ КОНТРОЛНИ НОМЕРА
Koha biblioitemnumber 126217
Наличности
Код за отписване Код за изгубен артикул Код за повреда Коз за рестрикции Код за отдаване Артикулен № Име на библиотеката - собственик Име на библиотеката, в която се намира в момента Статус (Текущо местоположение) Дата на вписване в системата Местоположение - отдел Цена в лева Инвентарен номер Систематично азбучна сигнатура Баркод Номер на екземпляра Цена в евро Служебна бележка Служебен тип на артикула Източник на класификационната схема
  Не е изгубен Не е повреден без рестрикции ползва се в читалня 205315 Регионална библиотека "Любен Каравелов" Русе Регионална библиотека "Любен Каравелов" Русе Хранилище 2012-07-03 Хранилище 25.00 120000758777 Цб 255656 120000758777 1 12.78 Дост: Dp Вид: Д N: 23 Дата: 08.06.2011 Книги  
  Не е изгубен Не е повреден без рестрикции заемане за дома 677417 Регионална библиотека "Любен Каравелов" Русе Регионална библиотека "Любен Каравелов" Русе Заемна - подръчен фонд 2018-06-15 Заемна - подръчен фонд 25.00 120000821216 П 820(73)(092)/Х 41 120000821216   12.78   Книги Universal Decimal Classification
Vip Innovations Ltd, Rousse, Bulgaria 2025